MARC details
| 000 -CABECERA |
| campo de control de longitud fija |
01180nam a2200301 i 4500 |
| 003 - IDENTIFICADOR DEL NÚMERO DE CONTROL |
| campo de control |
DO-SdBNP |
| 005 - FECHA Y HORA DE LA ÚLTIMA TRANSACCIÓN |
| campo de control |
20240701150829.0 |
| 007 - CAMPO FIJO DE DESCRIPCIÓN FÍSICA--INFORMACIÓN GENERAL |
| campo de control de longitud fija |
ta |
| 008 - DATOS DE LONGITUD FIJA--INFORMACIÓN GENERAL |
| campo de control de longitud fija |
240422s2001 dr 000 j spa d |
| 020 ## - NÚMERO INTERNACIONAL ESTÁNDAR DEL LIBRO |
| Número Internacional Estándar del Libro |
9993481709 |
| 040 ## - FUENTE DE LA CATALOGACIÓN |
| Centro catalogador/agencia de origen |
DO-SdBNP |
| Lengua de catalogación |
spa |
| Centro/agencia transcriptor |
BNPHU |
| Normas de descripción |
rda |
| 082 #4 - NÚMERO DE LA CLASIFICACIÓN DECIMAL DEWEY |
| Número de documento/Ítem |
U15h |
| Número de edición |
22 |
| 100 ## - ENTRADA PRINCIPAL--NOMBRE DE PERSONA |
| Nombre de persona |
Ubiñas Renville, Guaroa, |
| Fechas asociadas al nombre |
1944- |
| 9 (RLIN) |
6462 |
| Término indicativo de función/relación |
autor |
| 245 13 - MENCIÓN DE TÍTULO |
| Título |
La historia y leyenda de Mamá Tingo / |
| Mención de responsabilidad, etc. |
Guaroa Ubiñas Renville |
| 246 10 - FORMA VARIANTE DE TÍTULO |
| Título propio/Titulo breve |
Mamá Tingó |
| 264 #1 - PRODUCCIÓN, PUBLICACIÓN, DISTRIBUCIÓN, FABRICACIÓN Y COPYRIGHT |
| Producción, publicación, distribución, fabricación y copyright |
Santo Domingo : |
| Nombre del de productor, editor, distribuidor, fabricante |
Letra Gráfica, |
| Fecha de producción, publicación, distribución, fabricación o copyright |
2001. |
| 300 ## - DESCRIPCIÓN FÍSICA |
| Extensión |
12 páginas ; |
| Dimensiones |
21 cm. |
| 336 ## - TIPO DE CONTENIDO |
| Fuente |
rdacontent |
| Término de tipo de contenido |
texto |
| Código de tipo de contenido |
txt |
| 337 ## - TIPO DE MEDIO |
| Fuente |
rdamedia |
| Nombre/término del tipo de medio |
sin mediación |
| Código del tipo de medio |
n |
| 338 ## - TIPO DE SOPORTE |
| Fuente |
rdacarrier |
| Nombre/término del tipo de soporte |
volumen |
| Código del tipo de soporte |
nc |
| 490 ## - MENCIÓN DE SERIE |
| Mención de serie |
Leyendas dominicanas |
| Designación de volumen o secuencia |
2 |
| 490 ## - MENCIÓN DE SERIE |
| Mención de serie |
historias, mitos y leyendas |
| 500 ## - NOTA GENERAL |
| Nota general |
Incluye datos biografícos del autor en la contracubierta. |
| 520 ## - SUMARIO, ETC. |
| Sumario, etc. |
La historia y leyenda de Mamá Tingo es un relato arraigado en la cultura popular de la República Dominicana. Mamá Tingo es un personaje legendario que representa la lucha y la resistencia de las mujeres campesinas contra la opresión y la injusticia. |
| 590 ## - NOTA LOCAL (RLIN) |
| Nota local |
Inventariado, 2024/ YL |
| 910 ## - DATOS DE OPCIÓN DEL USUARIO (OCLC) |
| Datos de opción del usuario |
YLockward |
| 942 ## - ELEMENTOS DE PUNTO DE ACCESO ADICIONAL (KOHA) |
| Fuente del sistema de clasificación o colocación |
Dewey Decimal Classification |
| Tipo de ítem Koha |
Folleto |